01090nam a2200277Ia 450000500170000000800270001702000180004408200160006210000310007824501370010924601210024625000180036730000260038549000500041150400620046165000420052365000370056565000360060294200120063826400240065033600270067433700330070133800280073404000350076299900150079720220317000407.0141031s9999 ck 000 0 spa d a978849704697804a306.4bS27c1 aSerrano Martínez, Javier10aCiencia + tecnología + sociedad + museosbcómo conseguir que el futuro se parezca a lo que esperamos cJavier Serrano Martínez10aCiencia más tecnología más sociedad más museosbcómo conseguir que el futuro se parezca a lo que esperamos a1a. edición a254 páginasc24 cm. aBiblioteconomía y administración cultural aIncluye referencias Bibliográficas páginas. [247]-254142LEMBaTecnologíaxAspectos sociales142LEMBaCienciaxAspectos sociales142LEMBaMuseosxAspectos sociales 2ddccBK aGijónbTreac2013 atextobtxt2rdacontent asin mediaciónbn2rdamedia avolumenbnc2rdacarrier aCO-BoRNBPbspaerdacCO-BoRNBP c3918d3918